Soils, land and food : (Record no. 7877)
[ view plain ]
| 000 -LEADER | |
|---|---|
| fixed length control field | 00716nam a22002292 4500 |
| 001 - CONTROL NUMBER | |
| control field | 0000009348 |
| 005 - DATE AND TIME OF LATEST TRANSACTION | |
| control field | 20151217152053.0 |
| 008 - FIXED-LENGTH DATA ELEMENTS--GENERAL INFORMATION | |
| fixed length control field | 080929s xx 000 0 eng d |
| 020 ## - INTERNATIONAL STANDARD BOOK NUMBER | |
| International Standard Book Number | 0521527597 : |
| Terms of availability | KES 3350 |
| 040 ## - CATALOGING SOURCE | |
| Original cataloging agency | KABU |
| Transcribing agency | KABU |
| 100 1# - MAIN ENTRY--PERSONAL NAME | |
| Personal name | Wild, Alan. |
| -- | 0000160615 |
| 245 10 - TITLE STATEMENT | |
| Title | Soils, land and food : |
| Remainder of title | managing the land during the twenty-first century / |
| Statement of responsibility, etc. | Alan Wild. |
| 260 ## - PUBLICATION, DISTRIBUTION, ETC. (IMPRINT) | |
| Place of publication, distribution, etc. | Cambridge : |
| Name of publisher, distributor, etc. | C. U. P., |
| Date of publication, distribution, etc. | 2003. |
| 300 ## - PHYSICAL DESCRIPTION | |
| Extent | x, 246 p. |
| 650 #0 - SUBJECT ADDED ENTRY--TOPICAL TERM | |
| Topical term or geographic name as entry element | Soil management. |
| -- | 0000160616 |
| 650 #0 - SUBJECT ADDED ENTRY--TOPICAL TERM | |
| Topical term or geographic name as entry element | Soil fertility. |
| -- | 0000160617 |
| 650 #0 - SUBJECT ADDED ENTRY--TOPICAL TERM | |
| Topical term or geographic name as entry element | Land use |
| General subdivision | Management. |
| -- | 0000160618 |
| 650 #0 - SUBJECT ADDED ENTRY--TOPICAL TERM | |
| Topical term or geographic name as entry element | Food supply. |
| -- | 0000037548 |
| 908 ## - PUT COMMAND PARAMETER (RLIN) | |
| Put command parameter | 080929 |
| 950 ## - LOCAL HOLDINGS (RLIN) | |
| -- | 1 |
| Withdrawn status | Lost status | Source of classification or shelving scheme | Not for loan | Home library | Current library | Date acquired | Total Checkouts | Full call number | Barcode | Date last seen | Date last checked out | Price effective from | Koha item type |
|---|---|---|---|---|---|---|---|---|---|---|---|---|---|
| Library of Congress Classification | Kabarak, Main Campus | Kabarak, Main Campus | 17/12/2015 | 1 | S591 .W55 c. 1 | 005813 | 09/08/2016 | 02/08/2016 | 17/12/2015 | General Collection |